000 01736nam a2200517 i 4500
001 15701
003 KOSZ 005
005 20240405063025.0
008 200424s1973 pl f 001 0 pol
015 _aUWD 1973/6149
035 _a991010374429705066
035 _a(PL-WaBN)b12830446-48omnis_nlop
035 _ab12830446
035 _a(OCoLC)830224355
035 _a(PL)b0000001283044
035 _a(EXLNZ-48OMNIS_NETWORK)9910317546605606
040 _aWA N
_cWA N
_dKOSZ 005/RW
046 _k1973
080 _a347(438)
080 _a347.95(438)
080 _a(094.4)
245 1 0 _aKodeks cywilny :
_btekst, piśmiennictwo, orzecznictwo /
_czebrali i opracowali M. Gintowt, S. Rudnicki.
260 _aWarszawa :
_bWydawnictwo Prawnicze,
_c1973.
300 _a839, [1] stron ;
_c25 cm.
336 _aTekst
_btxt
_2rdacontent
337 _aBez urządzenia pośredniczącego
_bn
_2rdamedia
338 _aWolumin
_bnc
_2rdacarrier
380 _aKsiążki
380 _aPublikacje fachowe
388 _a1901-2000
388 _a1945-1989
504 _aBibliografia przy rozdziałach. Indeks.
648 7 _a1901-2000
_2DBN
648 7 _a1945-1989
_2DBN
650 7 _aOrzecznictwo cywilne
_2DBN
650 7 _aPrawo cywilne
_2DBN
651 7 _aPolska
_2DBN
655 7 _aBibliografia
_2DBN
658 _aPrawo i wymiar sprawiedliwości
700 1 _aRudnicki, Stanisław
_d(1926-2012)
_eOpracowanie
700 1 _aGintowt, Marek
_eOpracowanie
710 2 _aWydawnictwo Prawnicze
_4pbl
856 _uhttp://koha.tu.koszalin.pl/cgi-bin/koha/opac-detail.pl?biblionumber=15701
_yKatalog online BPK
942 _2UKD
_cKS
999 _c15701
_d15701